[Event "0MCR_3DE_2L_3S"]
[Site "?"]
[Date "2003.??.??"]
[Round "?"]
[White "Mika, Petr"]
[Black "Kural, Jaroslav"]
[Result "0-1"]
[WhiteElo "1800"]
[BlackElo "2000"]
[PlyCount "68"]
[EventDate "2003.??.??"]
[EventType "corr"]
[EventRounds "2"]
[SourceDate "2004.06.03"]

1. d4 Nf6 2. Bg5 Ne4 3. Bf4 d5 4. e3 e6 5. Nd2 Nxd2 6. Qxd2 c5 7. Nf3 Nc6 8. c3
Be7 9. Bb5 O-O 10. O-O a6 11. Bd3 f5 12. Ne5 Nxe5 13. Bxe5 b6 14. Qe2 a5 15.
Rfe1 Bd6 16. Bf4 Qc7 17. Qf3 Ba6 18. Bc2 Bc4 19. b3 Ba6 20. Rad1 Rac8 21. h3
Qe7 22. Rd2 c4 23. bxc4 Bxc4 24. Rb1 b5 25. a4 b4 26. Bxd6 Qxd6 27. cxb4 axb4
28. Bd1 Rc7 29. a5 Ra7 30. Rdb2 Rb8 31. g4 fxg4 32. Qxg4 Rxa5 33. Bb3 Ra3 34.
Bc2 b3 0-1

[Event "0MCR_3DE_2L_3S"]
[Site "?"]
[Date "2003.??.??"]
[Round "?"]
[White "Mika, Petr"]
[Black "Minarik, Petr"]
[Result "1/2-1/2"]
[WhiteElo "1800"]
[BlackElo "1800"]
[PlyCount "70"]
[EventDate "2003.??.??"]
[EventType "corr"]
[EventRounds "2"]
[SourceDate "2004.06.03"]

1. f4 d5 2. Nf3 Nf6 3. e3 e6 4. b3 Bd6 5. Bb2 c5 6. Bd3 Nc6 7. O-O O-O 8. Na3
a6 9. Qe1 b5 10. Qh4 Ne4 11. Qh5 f6 12. c4 b4 13. Nc2 Qe8 14. Qh3 Ne7 15. Be2
e5 16. Qh4 Ng6 17. Qe1 Bb7 18. d3 Nc3 19. Bxc3 bxc3 20. fxe5 Nxe5 21. Qxc3 Rc8
22. cxd5 Bxd5 23. Nh4 g6 24. Bf3 Be6 25. Bb7 Rc7 26. Bxa6 Qc6 27. Bc4 Nxc4 28.
bxc4 Be5 29. d4 cxd4 30. exd4 Bxc4 31. Rf2 Bd6 32. Ne3 Qa4 33. Qc2 Qa7 34. Qd2
Rd8 35. Ng4 Be7 1/2-1/2

[Event "0MCR_3DE_2L_3S"]
[Site "?"]
[Date "2003.??.17"]
[Round "?"]
[White "Mika, Petr"]
[Black "Portych, Vaclav"]
[Result "0-1"]
[WhiteElo "1800"]
[BlackElo "2060"]
[PlyCount "59"]
[EventDate "2003.??.??"]
[EventType "corr"]
[EventRounds "2"]
[SourceDate "2004.06.03"]

1. d4 Nf6 2. Bg5 e6 3. Nf3 Be7 4. e3 O-O 5. Bd3 d5 6. Nbd2 h6 7. Bh4 c5 8. c3
c4 9. Bc2 Nc6 10. e4 dxe4 11. Ne5 e3 12. Ndxc4 Nxe5 13. Nxe5 exf2+ 14. Bxf2 Qd5
15. O-O b5 16. Bb3 Qd6 17. Bh4 Ba6 18. Bxf6 Bxf6 19. Rxf6 gxf6 20. Qg4+ Kh7 21.
Rf1 f5 22. Bc2 b4 23. Rxf5 exf5 24. Qxf5+ Kg7 25. Qh7+ Kf6 26. Qxh6+ Ke7 27.
Qg5+ f6 28. Qg7+ Ke8 29. Bg6+ Kd8 30. Nc6+ 0-1

[Event "0MCR_3DE_2L_3S"]
[Site "?"]
[Date "2003.??.??"]
[Round "?"]
[White "Mika, Petr"]
[Black "Poslusny, Martin"]
[Result "0-1"]
[WhiteElo "1800"]
[BlackElo "1800"]
[PlyCount "50"]
[EventDate "2003.??.??"]
[EventType "corr"]
[EventRounds "2"]
[SourceDate "2004.06.03"]

1. d4 d5 2. Nf3 Nf6 3. e3 e6 4. Bd3 c6 5. O-O Nbd7 6. Nbd2 Qc7 7. e4 dxe4 8.
Nxe4 Be7 9. Re1 Nxe4 10. Bxe4 Nf6 11. c3 O-O 12. Bc2 Rd8 13. Bg5 h6 14. Bxf6
Bxf6 15. Qd3 g6 16. Qe4 b6 17. Ne5 Bb7 18. Qf4 Bg5 19. Qg4 Bf6 20. Rad1 c5 21.
Qf4 Bg7 22. Nxg6 Qxf4 23. Nxf4 cxd4 24. cxd4 Bxd4 25. b3 Rac8 0-1

[Event "0MCR_3DE_2L_3S"]
[Site "?"]
[Date "2003.??.??"]
[Round "?"]
[White "Mika, Petr"]
[Black "Zednik, Martin"]
[Result "0-1"]
[WhiteElo "1800"]
[BlackElo "1800"]
[PlyCount "54"]
[EventDate "2003.??.??"]
[EventType "corr"]
[EventRounds "2"]
[SourceDate "2004.06.03"]

1. d4 d5 2. Nf3 Nf6 3. e3 Bf5 4. Bd3 Bxd3 5. Qxd3 c6 6. Nbd2 Nbd7 7. O-O e6 8.
Re1 Qc7 9. e4 dxe4 10. Nxe4 h6 11. c3 O-O-O 12. b4 Nxe4 13. Qxe4 Bd6 14. a4 Nf6
15. Qc2 Nd5 16. Ba3 g5 17. b5 Bxa3 18. Rxa3 c5 19. dxc5 Qxc5 20. Rb3 Nf4 21.
Re4 f5 22. Re3 g4 23. Ne1 Rd6 24. Rb4 Nd5 25. Re5 Kb8 26. Rd4 Rc8 27. Qb3 Qxc3
0-1

[Event "0MCR_3DE_2L_3S"]
[Site "?"]
[Date "2003.??.??"]
[Round "?"]
[White "Minarik, Petr"]
[Black "Glaser, Karel"]
[Result "1-0"]
[WhiteElo "1800"]
[BlackElo "2080"]
[PlyCount "63"]
[EventDate "2003.??.??"]
[EventType "corr"]
[EventRounds "2"]
[SourceDate "2004.06.03"]

1. e4 e5 2. Nf3 Nc6 3. Bb5 a6 4. Ba4 Nf6 5. O-O Be7 6. Re1 b5 7. Bb3 O-O 8. c3
d6 9. d4 Bb7 10. d5 Nb8 11. a4 Nbd7 12. Bc2 c6 13. dxc6 Bxc6 14. axb5 axb5 15.
Rxa8 Qxa8 16. Nh4 g6 17. Bg5 Re8 18. Nd2 Nc5 19. Qb1 Qb7 20. Nhf3 b4 21. Bxf6
Bxf6 22. Nc4 Qb8 23. Qd1 Rd8 24. cxb4 Ne6 25. b3 d5 26. exd5 Bxd5 27. Qe2 Qxb4
28. Ncxe5 Nf4 29. Qe3 Rc8 30. Nd3 Nxd3 31. Bxd3 Bd4 32. Nxd4 1-0

[Event "0MCR_3DE_2L_3S"]
[Site "?"]
[Date "2003.??.??"]
[Round "?"]
[White "Minarik, Petr"]
[Black "Hrubcik, Martin"]
[Result "1/2-1/2"]
[WhiteElo "1800"]
[BlackElo "2000"]
[PlyCount "45"]
[EventDate "2003.??.??"]
[EventType "corr"]
[EventRounds "2"]
[SourceDate "2004.06.03"]

1. c4 c6 2. Nf3 Nf6 3. g3 d5 4. cxd5 cxd5 5. Bg2 Nc6 6. d4 Bf5 7. Ne5 Rc8 8.
Nxc6 Rxc6 9. Nc3 e6 10. Qb3 Qb6 11. Qxb6 Rxb6 12. O-O Bb4 13. Bd2 Kd7 14. a3
Bd6 15. b4 Rc6 16. f3 Rc4 17. Nb5 Bb8 18. Rac1 a6 19. Rxc4 dxc4 20. Nc3 Ba7 21.
e3 Rd8 22. f4 Kc7 23. a4 1/2-1/2

[Event "0MCR_3DE_2L_3S"]
[Site "?"]
[Date "2003.??.??"]
[Round "?"]
[White "Minarik, Petr"]
[Black "Kural, Jaroslav"]
[Result "1/2-1/2"]
[WhiteElo "1800"]
[BlackElo "2000"]
[PlyCount "34"]
[EventDate "2003.??.??"]
[EventType "corr"]
[EventRounds "2"]
[SourceDate "2004.06.03"]

1. e4 c5 2. Nf3 d6 3. d4 cxd4 4. Nxd4 Nf6 5. Nc3 a6 6. Be2 e5 7. Nb3 Be7 8. O-O
Be6 9. Be3 Nbd7 10. Qd2 O-O 11. a4 Rc8 12. f3 Nb6 13. a5 Nc4 14. Bxc4 Bxc4 15.
Rfd1 Be6 16. Nc1 Nd7 17. Nd3 f5 1/2-1/2

[Event "0MCR_3DE_2L_3S"]
[Site "?"]
[Date "2003.??.??"]
[Round "?"]
[White "Minarik, Petr"]
[Black "Mika, Petr"]
[Result "1-0"]
[WhiteElo "1800"]
[BlackElo "1800"]
[PlyCount "57"]
[EventDate "2003.??.??"]
[EventType "corr"]
[EventRounds "2"]
[SourceDate "2004.06.03"]

1. e4 e6 2. d4 d5 3. Nd2 Nf6 4. Bd3 c5 5. e5 Nfd7 6. c3 b6 7. Ne2 Ba6 8. Bxa6
Nxa6 9. O-O Nc7 10. Nf3 Be7 11. Be3 O-O 12. Qd2 Rc8 13. Bf4 h6 14. Rfd1 g5 15.
Bg3 f6 16. exf6 Nxf6 17. Qd3 Kg7 18. Re1 c4 19. Qc2 Ne4 20. Be5+ Bf6 21. Ng3
Nxg3 22. Bxg3 Qe8 23. h3 a5 24. Re3 Qf7 25. Ne5 Qe8 26. Ng4 Qg6 27. Qe2 e5 28.
Nxf6 Kxf6 29. Rxe5 1-0

[Event "0MCR_3DE_2L_3S"]
[Site "?"]
[Date "2003.??.??"]
[Round "?"]
[White "Minarik, Petr"]
[Black "Portych, Vaclav"]
[Result "1-0"]
[WhiteElo "1800"]
[BlackElo "2060"]
[PlyCount "85"]
[EventDate "2003.??.??"]
[EventType "corr"]
[EventRounds "2"]
[SourceDate "2004.06.03"]

1. e4 c5 2. Nf3 Nc6 3. d4 cxd4 4. Nxd4 Nf6 5. Nc3 e5 6. Ndb5 d6 7. Bg5 a6 8.
Na3 b5 9. Nd5 Be7 10. Nxe7 Nxe7 11. Qf3 Nd7 12. c4 b4 13. Nc2 a5 14. Ne3 f6 15.
Bh4 O-O 16. Bd3 Nc5 17. Bc2 Nc6 18. O-O Nd4 19. Qd1 Be6 20. f3 a4 21. Bb1 b3
22. Bf2 a3 23. axb3 axb2 24. Rxa8 Qxa8 25. b4 Ncb3 26. Nd5 Rb8 27. Nc7 Qb7 28.
Nxe6 Nxe6 29. Qxb3 Qxb4 30. Qc2 Nf4 31. Rd1 Qc3 32. Kf1 Qxc2 33. Bxc2 Kf7 34.
Rb1 Ne6 35. Ke1 Nf4 36. g3 Nh3 37. Be3 Ng5 38. Ke2 h6 39. Ba4 g6 40. Bb5 f5 41.
exf5 gxf5 42. Rxb2 Ne6 43. Ra2 1-0

[Event "0MCR_3DE_2L_3S"]
[Site "?"]
[Date "2003.??.??"]
[Round "?"]
[White "Minarik, Petr"]
[Black "Poslusny, Martin"]
[Result "1-0"]
[WhiteElo "1800"]
[BlackElo "1800"]
[PlyCount "85"]
[EventDate "2003.??.??"]
[EventType "corr"]
[EventRounds "2"]
[SourceDate "2004.06.03"]

1. c4 c6 2. e4 d5 3. exd5 cxd5 4. d4 Nf6 5. Nc3 e6 6. Nf3 Be7 7. cxd5 Nxd5 8.
Bc4 Nc6 9. O-O a6 10. Re1 O-O 11. Bb3 Bf6 12. Nxd5 exd5 13. h3 Be6 14. Be3 Rc8
15. Qd3 Qd7 16. Bf4 Bf5 17. Qd2 Rfe8 18. Ne5 Bxe5 19. dxe5 d4 20. Rad1 b5 21.
g4 Be6 22. Bc2 Bxa2 23. Ra1 Be6 24. Rxa6 h5 25. Ra3 hxg4 26. hxg4 Bxg4 27. Rg3
g6 28. Bd3 b4 29. f3 Bf5 30. Qh2 Bxd3 31. Rh3 Qxh3 32. Qxh3 Bf5 33. Qh6 f6 34.
exf6 Rxe1+ 35. Kf2 Re7 36. fxe7 Nxe7 37. Be5 Kf7 38. Qg7+ Ke8 39. Bf6 Rc2+ 40.
Kg3 Nc6 41. Bxd4 Ne7 42. Qe5 Kf7 43. Bc5 1-0

[Event "0MCR_3DE_2L_3S"]
[Site "?"]
[Date "2003.??.??"]
[Round "?"]
[White "Minarik, Petr"]
[Black "Zednik, Martin"]
[Result "1/2-1/2"]
[WhiteElo "1800"]
[BlackElo "1800"]
[PlyCount "71"]
[EventDate "2003.??.??"]
[EventType "corr"]
[EventRounds "2"]
[SourceDate "2004.06.03"]

1. e4 e5 2. Nf3 Nc6 3. Bb5 a6 4. Ba4 Nf6 5. O-O Be7 6. Re1 b5 7. Bb3 O-O 8. c3
d6 9. d4 Bg4 10. d5 Na5 11. Bc2 c6 12. h3 Bc8 13. b4 Nc4 14. dxc6 Qc7 15. a4
Qxc6 16. axb5 axb5 17. Rxa8 Qxa8 18. Nbd2 Nxd2 19. Nxd2 Bd7 20. Bb2 Qc6 21. Bd3
Ra8 22. c4 Qb7 23. cxb5 Bxb5 24. Bxb5 Qxb5 25. Qb3 Rc8 26. Re3 Qb7 27. Rc3 Rxc3
28. Qxc3 Nxe4 29. Nxe4 Qxe4 30. Qc7 h5 31. Qxe7 Qxb4 32. Qe8+ Kh7 33. Qxf7 Qxb2
34. Qxh5+ Kg8 35. Qe8+ Kh7 36. Qh5+ 1/2-1/2

[Event "0MCR_3DE_2L_3S"]
[Site "?"]
[Date "2003.??.??"]
[Round "?"]
[White "Portych, Vaclav"]
[Black "Glaser, Karel"]
[Result "0-1"]
[WhiteElo "2060"]
[BlackElo "2080"]
[PlyCount "54"]
[EventDate "2003.??.??"]
[EventType "corr"]
[EventRounds "2"]
[SourceDate "2004.06.03"]

1. c4 Nf6 2. Nc3 e5 3. Nf3 Nc6 4. g3 Bb4 5. Bg2 O-O 6. O-O e4 7. Ng5 Bxc3 8.
bxc3 Re8 9. f3 e3 10. d3 d5 11. Qb3 Na5 12. Qa3 c6 13. cxd5 cxd5 14. f4 Nc6 15.
Rb1 Qc7 16. Qb2 b5 17. Rf3 h6 18. Nh3 a6 19. Rxe3 Qb6 20. d4 Bf5 21. Rxe8+ Rxe8
22. Ra1 Na5 23. a4 b4 24. cxb4 Nc4 25. Qa2 Ne4 26. Nf2 Nc3 27. Qb3 Qxd4 0-1

[Event "0MCR_3DE_2L_3S"]
[Site "?"]
[Date "2003.??.??"]
[Round "?"]
[White "Portych, Vaclav"]
[Black "Hrubcik, Martin"]
[Result "0-1"]
[WhiteElo "2060"]
[BlackElo "2000"]
[PlyCount "54"]
[EventDate "2003.??.??"]
[EventType "corr"]
[EventRounds "2"]
[SourceDate "2004.06.03"]

1. c4 c6 2. Nc3 Nf6 3. Nf3 d5 4. cxd5 cxd5 5. g3 d4 6. Qa4+ Nc6 7. Nb5 d3 8. e4
e5 9. Bg2 Bd7 10. O-O Rc8 11. Qb3 Bg4 12. Ng5 Bh5 13. Bh3 a6 14. Ne6 fxe6 15.
Qxe6+ Be7 16. Qxc8 Qxc8 17. Bxc8 axb5 18. Bxb7 Nd4 19. f4 Be2 20. fxe5 Ng4 21.
Rf4 g5 22. Rf5 Bf3 23. Bc6+ Kd8 24. Bxb5 Bxe4 25. Rf7 Nxe5 26. Rxe7 Kxe7 27.
Ba4 Ne2+ 0-1

[Event "0MCR_3DE_2L_3S"]
[Site "?"]
[Date "2003.??.??"]
[Round "?"]
[White "Portych, Vaclav"]
[Black "Kural, Jaroslav"]
[Result "0-1"]
[WhiteElo "2060"]
[BlackElo "2000"]
[PlyCount "82"]
[EventDate "2003.??.??"]
[EventType "corr"]
[EventRounds "2"]
[SourceDate "2004.06.03"]

1. c4 c5 2. Nc3 Nf6 3. Nf3 d5 4. cxd5 Nxd5 5. g3 Nc6 6. Bg2 Nc7 7. O-O e5 8. d3
Be7 9. Nd2 O-O 10. Nc4 f6 11. f4 exf4 12. Bxf4 Ne6 13. Nd5 Nxf4 14. Nxf4 Ne5
15. e3 Rb8 16. Qa4 a6 17. Qb3 Nxc4 18. Qxc4+ Kh8 19. Rad1 b5 20. Qd5 Qxd5 21.
Nxd5 Bd6 22. Nf4 Re8 23. Kf2 Bf5 24. Rd2 Rbd8 25. Rfd1 g5 26. Nd5 Be6 27. Nc3
h5 28. d4 c4 29. Ne4 Bb4 30. Nc3 Kg7 31. e4 Bd6 32. Ne2 h4 33. Nf4 gxf4 34. g4
h3 35. Bxh3 Rh8 36. d5 Bd7 37. Bg2 Rxh2 38. Kg1 Bc5+ 39. Kxh2 Rh8+ 40. Bh3 Bxg4
41. Kg2 Rxh3 0-1

[Event "0MCR_3DE_2L_3S"]
[Site "?"]
[Date "2003.??.??"]
[Round "?"]
[White "Portych, Vaclav"]
[Black "Mika, Petr"]
[Result "1-0"]
[WhiteElo "2060"]
[BlackElo "1800"]
[PlyCount "69"]
[EventDate "2003.??.??"]
[EventType "corr"]
[EventRounds "2"]
[SourceDate "2004.06.03"]

1. c4 Nf6 2. Nc3 c6 3. Nf3 e6 4. g3 d5 5. cxd5 exd5 6. d4 Bd6 7. Bg2 Bg4 8. O-O
O-O 9. Qb3 b6 10. Ne5 Be6 11. Bg5 h6 12. Bxf6 Qxf6 13. f4 Qe7 14. Qc2 Bxe5 15.
fxe5 Nd7 16. e4 dxe4 17. Nxe4 Bd5 18. Nd6 Qe6 19. Bxd5 Qxd5 20. Rad1 Rad8 21.
Rfe1 Nb8 22. b3 Rd7 23. Qc4 Qe6 24. Qxe6 fxe6 25. Re3 g5 26. h3 Kg7 27. Kg2
Rdd8 28. Rf3 Rxf3 29. Kxf3 Rf8+ 30. Ke2 a5 31. a3 h5 32. Rd3 Kg6 33. Rf3 Rxf3
34. Kxf3 Kg7 35. Ke3 1-0

[Event "0MCR_3DE_2L_3S"]
[Site "?"]
[Date "2003.??.??"]
[Round "?"]
[White "Portych, Vaclav"]
[Black "Minarik, Petr"]
[Result "0-1"]
[WhiteElo "2060"]
[BlackElo "1800"]
[PlyCount "80"]
[EventDate "2003.??.??"]
[EventType "corr"]
[EventRounds "2"]
[SourceDate "2004.06.03"]

1. c4 e5 2. Nc3 Nf6 3. Nf3 Nc6 4. g3 Bb4 5. Nd5 Bc5 6. Bg2 d6 7. O-O O-O 8. e3
Bg4 9. h3 Bh5 10. g4 Bg6 11. d4 Bb6 12. dxe5 Nxd5 13. Qxd5 Nb4 14. Qd1 Bd3 15.
Re1 Bxc4 16. b3 Ba6 17. Ba3 Nd3 18. Re2 Nxe5 19. Nxe5 Bxe2 20. Qxe2 Qf6 21. Qb2
dxe5 22. Bxf8 Rxf8 23. Bxb7 Bc5 24. Rd1 Bd6 25. Be4 Qg5 26. Qe2 g6 27. Qa6 h5
28. Qf1 hxg4 29. Qg2 f5 30. Bd5+ Kg7 31. hxg4 f4 32. Rd3 fxe3 33. Rxe3 Rf4 34.
Re4 Rf6 35. Re2 Qc1+ 36. Qf1 Qf4 37. Qg2 Qd4 38. Be4 Rf4 39. Kh2 Qd1 40. f3 Rf8
0-1

[Event "0MCR_3DE_2L_3S"]
[Site "?"]
[Date "2003.??.??"]
[Round "?"]
[White "Portych, Vaclav"]
[Black "Poslusny, Martin"]
[Result "0-1"]
[WhiteElo "2060"]
[BlackElo "1800"]
[PlyCount "74"]
[EventDate "2003.??.??"]
[EventType "corr"]
[EventRounds "2"]
[SourceDate "2004.06.03"]

1. c4 c6 2. Nc3 d5 3. cxd5 cxd5 4. Nf3 Nf6 5. g3 Nc6 6. Bg2 e5 7. d4 e4 8. Ne5
Bd6 9. Nxc6 bxc6 10. O-O O-O 11. f3 exf3 12. Rxf3 Rb8 13. Bg5 Rxb2 14. Bxf6
gxf6 15. Qc1 Rb4 16. Qd2 Re8 17. Raf1 Be7 18. e4 dxe4 19. Rf4 Rxd4 20. Qf2 e3
21. Qe2 Rd2 22. Qh5 Rxg2+ 23. Kxg2 Qd2+ 24. Ne2 Ba6 25. Rg4+ Kh8 26. Rf5 Qxe2+
27. Kh3 Qxg4+ 28. Qxg4 e2 29. Qe4 Bd3 30. Qxd3 e1=Q 31. Qd7 Rd8 32. Qxc6 Qe2
33. Rxf6 Qh5+ 34. Kg2 Rd2+ 35. Rf2 Rxf2+ 36. Kxf2 Qxh2+ 37. Qg2 Bc5+ 0-1

[Event "0MCR_3DE_2L_3S"]
[Site "?"]
[Date "2003.??.??"]
[Round "?"]
[White "Portych, Vaclav"]
[Black "Zednik, Martin"]
[Result "1/2-1/2"]
[WhiteElo "2060"]
[BlackElo "1800"]
[PlyCount "109"]
[EventDate "2003.??.??"]
[EventType "corr"]
[EventRounds "2"]
[SourceDate "2004.06.03"]

1. c4 c5 2. Nc3 Nc6 3. Nf3 Nf6 4. g3 d5 5. cxd5 Nxd5 6. Bg2 Nxc3 7. bxc3 e5 8.
d3 Be7 9. O-O O-O 10. c4 f5 11. Rb1 Bf6 12. a3 Rb8 13. Ng5 Bxg5 14. Bxg5 Qxg5
15. Bxc6 f4 16. Qa4 a6 17. Bd5+ Kh8 18. Qa5 Bh3 19. Rfe1 Qe7 20. Rb6 Bg4 21. f3
Bf5 22. Reb1 Bc8 23. Kf2 h5 24. Rxa6 fxg3+ 25. hxg3 bxa6 26. Rxb8 h4 27. g4 h3
28. Kg3 e4 29. Rb1 exf3 30. exf3 Rf6 31. Qe1 Qc7+ 32. Kxh3 Rh6+ 33. Kg2 Qh2+
34. Kf1 Qh3+ 35. Ke2 Qh2+ 36. Kd1 Bd7 37. Kc1 Qf4+ 38. Kb2 Rh2+ 39. Kb3 Qb8+
40. Kc3 Qf4 41. Be4 Ba4 42. d4 Rc2+ 43. Kd3 Rh2 44. Rc1 cxd4 45. Kxd4 Be8 46.
Rd1 Qf6+ 47. Ke3 Qh6+ 48. Kd4 Qf6+ 49. Kd3 Qd6+ 50. Bd5 Bg6+ 51. Kd4 Qf6+ 52.
Kc5 Qf8+ 53. Kb6 Qb8+ 54. Kxa6 Qd6+ 55. Ka7 1/2-1/2

[Event "0MCR_3DE_2L_3S"]
[Site "?"]
[Date "2003.??.??"]
[Round "?"]
[White "Poslusny, Martin"]
[Black "Glaser, Karel"]
[Result "1/2-1/2"]
[WhiteElo "1800"]
[BlackElo "2080"]
[PlyCount "59"]
[EventDate "2003.??.??"]
[EventType "corr"]
[EventRounds "2"]
[SourceDate "2004.06.03"]

1. d4 Nf6 2. c4 e6 3. Nc3 Bb4 4. e3 O-O 5. Nge2 d5 6. a3 Be7 7. cxd5 exd5 8. g3
Nbd7 9. Bg2 c6 10. O-O Re8 11. f3 c5 12. Re1 Qc7 13. a4 Nf8 14. Nf4 Be6 15.
dxc5 Qxc5 16. Nb5 a6 17. Nd4 Bd6 18. b3 Qc7 19. Bb2 Rac8 20. Rc1 Qe7 21. Rxc8
Bxc8 22. Bc3 Bb4 23. Bd2 Ne6 24. Nf5 Qf8 25. Nd3 Bxd2 26. Qxd2 b6 27. b4 Bd7
28. a5 bxa5 29. bxa5 Nc5 30. Nd4 1/2-1/2

[Event "0MCR_3DE_2L_3S"]
[Site "?"]
[Date "2003.??.??"]
[Round "?"]
[White "Poslusny, Martin"]
[Black "Hrubcik, Martin"]
[Result "1-0"]
[WhiteElo "1800"]
[BlackElo "2000"]
[PlyCount "73"]
[EventDate "2003.??.??"]
[EventType "corr"]
[EventRounds "2"]
[SourceDate "2004.06.03"]

1. d4 d5 2. c4 c6 3. cxd5 cxd5 4. Nc3 Nf6 5. Bg5 Ne4 6. Nxe4 dxe4 7. Bh4 Nc6 8.
e3 g5 9. Bg3 e5 10. Bc4 exd4 11. exd4 Qxd4 12. Qxd4 Nxd4 13. Be5 Nc2+ 14. Kd2
Nxa1 15. Bxh8 Bf5 16. Ne2 e3+ 17. fxe3 Bb4+ 18. Bc3 Rd8+ 19. Nd4 Nc2 20. Bxb4
Nxb4 21. h4 g4 22. Rf1 Bg6 23. h5 Bxh5 24. Rf5 Bg6 25. Rb5 Nc6 26. Rxb7 Nxd4
27. exd4 Rxd4+ 28. Kc3 Rf4 29. Rxa7 Be4 30. g3 Rf3+ 31. Kd4 Bg6 32. b4 Rxg3 33.
b5 Rf3 34. Bd5 Rf4+ 35. Kc5 Be4 36. Bxe4 Rxe4 37. b6 1-0

[Event "0MCR_3DE_2L_3S"]
[Site "?"]
[Date "2003.??.??"]
[Round "?"]
[White "Poslusny, Martin"]
[Black "Kural, Jaroslav"]
[Result "0-1"]
[WhiteElo "1800"]
[BlackElo "2000"]
[PlyCount "55"]
[EventDate "2003.??.??"]
[EventType "corr"]
[EventRounds "2"]
[SourceDate "2004.06.03"]

1. d4 Nf6 2. c4 e6 3. g3 c5 4. d5 exd5 5. cxd5 b5 6. Bg2 d6 7. e4 Bb7 8. Ne2
Be7 9. Qb3 a6 10. Bf4 O-O 11. O-O Nbd7 12. a4 Ne5 13. Bxe5 dxe5 14. Na3 Rb8 15.
axb5 axb5 16. Rfd1 Ba6 17. Nc2 Qb6 18. Ne3 Bc8 19. Qc3 Ng4 20. Nxg4 Bxg4 21. f3
Bd7 22. d6 b4 23. Qd2 Bf6 24. Bf1 Be6 25. Nc1 c4+ 26. Kh1 Rfd8 27. Ra4 Be7 28.
Rxb4 0-1

[Event "0MCR_3DE_2L_3S"]
[Site "?"]
[Date "2003.??.??"]
[Round "?"]
[White "Poslusny, Martin"]
[Black "Mika, Petr"]
[Result "1-0"]
[WhiteElo "1800"]
[BlackElo "1800"]
[PlyCount "47"]
[EventDate "2003.??.??"]
[EventType "corr"]
[EventRounds "2"]
[SourceDate "2004.06.03"]

1. d4 Nf6 2. c4 d6 3. Nf3 Nbd7 4. Nc3 e5 5. e4 Be7 6. Be2 c6 7. O-O O-O 8. Qc2
Re8 9. Rd1 Qc7 10. b3 a6 11. Bb2 Ng4 12. d5 c5 13. a3 Nf8 14. b4 b6 15. h3 Nf6
16. Nh4 h6 17. b5 N6h7 18. Nf5 Ng6 19. bxa6 Bxa6 20. Nb5 Qd8 21. g3 Bxb5 22.
cxb5 Bf6 23. Ne3 Re7 24. Nc4 1-0

[Event "0MCR_3DE_2L_3S"]
[Site "?"]
[Date "2003.??.??"]
[Round "?"]
[White "Poslusny, Martin"]
[Black "Minarik, Petr"]
[Result "0-1"]
[WhiteElo "1800"]
[BlackElo "1800"]
[PlyCount "82"]
[EventDate "2003.??.??"]
[EventType "corr"]
[EventRounds "2"]
[SourceDate "2004.06.03"]

1. d4 Nf6 2. c4 e6 3. Nc3 Bb4 4. Qc2 Nc6 5. Nf3 d6 6. a3 Bxc3+ 7. Qxc3 Ne7 8.
g3 O-O 9. Bg2 Bd7 10. b4 Bc6 11. O-O a6 12. a4 Re8 13. Bg5 Ne4 14. Qd3 Nxg5 15.
Nxg5 Ng6 16. Bxc6 bxc6 17. f4 Qe7 18. e4 e5 19. dxe5 dxe5 20. f5 Qxg5 21. fxg6
Qxg6 22. Rfd1 h5 23. Rab1 Rad8 24. Qxd8 Rxd8 25. Rxd8+ Kh7 26. Rf1 Qe6 27. c5
f6 28. Rb8 Qd7 29. Rf2 Qd3 30. Rb7 Qb1+ 31. Rf1 Qxe4 32. Rxc7 Qd4+ 33. Kg2 Qd5+
34. Kg1 e4 35. Re7 a5 36. Rxf6 axb4 37. Rff7 b3 38. Rxg7+ Kh6 39. Rh7+ Kg6 40.
Reg7+ Kf6 41. Rb7 Qxc5+ 0-1

[Event "0MCR_3DE_2L_3S"]
[Site "?"]
[Date "2003.??.??"]
[Round "?"]
[White "Poslusny, Martin"]
[Black "Portych, Vaclav"]
[Result "1-0"]
[WhiteElo "1800"]
[BlackElo "2060"]
[PlyCount "105"]
[EventDate "2003.??.??"]
[EventType "corr"]
[EventRounds "2"]
[SourceDate "2004.06.03"]

1. d4 Nf6 2. c4 e6 3. Nc3 Bb4 4. Nf3 b6 5. Bg5 h6 6. Bh4 Bb7 7. Qc2 c5 8. dxc5
bxc5 9. e3 Qa5 10. Nd2 Bxc3 11. bxc3 d6 12. Rb1 Bc6 13. Bxf6 gxf6 14. Bd3 Nd7
15. Be4 Bxe4 16. Nxe4 Ke7 17. Qd3 Qa6 18. Rd1 Rab8 19. Qxd6+ Qxd6 20. Nxd6 Rhd8
21. O-O Rb6 22. Ne4 Rdb8 23. g4 Rb2 24. a4 h5 25. gxh5 f5 26. Nd6 Ne5 27. h6
Rg8+ 28. Kh1 Ng4 29. h7 Rh8 30. Kg1 Rxh7 31. Nc8+ Kf6 32. h3 Rxh3 33. Rb1 Rd2
34. Rbd1 Rxd1 35. Rxd1 Rh1+ 36. Kxh1 Nxf2+ 37. Kg1 Nxd1 38. Nxa7 Nxe3 39. Nc6
Nxc4 40. a5 e5 41. a6 Nb6 42. Kf2 e4 43. a7 f4 44. c4 f3 45. Kg3 Na8 46. Nd8
Nc7 47. Nc6 Kf5 48. Nd8 f6 49. Nb7 Ke5 50. Nxc5 Kd4 51. Ne6+ Ke3 52. Nxc7 f2
53. Nd5+ 1-0

[Event "0MCR_3DE_2L_3S"]
[Site "?"]
[Date "2003.??.??"]
[Round "?"]
[White "Poslusny, Martin"]
[Black "Zednik, Martin"]
[Result "1/2-1/2"]
[WhiteElo "1800"]
[BlackElo "1800"]
[PlyCount "158"]
[EventDate "2003.??.??"]
[EventType "corr"]
[EventRounds "2"]
[SourceDate "2004.06.03"]

1. d4 d5 2. c4 c6 3. Nf3 Nf6 4. e3 Bf5 5. Nc3 e6 6. Be2 h6 7. Qb3 Qc7 8. Ne5
Bd6 9. f4 O-O 10. O-O Ne4 11. Nxe4 Bxe4 12. Bd2 a5 13. c5 Be7 14. Be1 Nd7 15.
Bg3 Nxe5 16. fxe5 a4 17. Qb4 b6 18. Qxb6 Qxb6 19. cxb6 Rfb8 20. Be1 Rxb6 21.
Bc3 c5 22. dxc5 Bxc5 23. Kf2 Rab8 24. Rac1 R6b7 25. g3 Bf8 26. a3 Rxb2 27. Bxb2
Rxb2 28. Rc8 Ra2 29. Rd1 Rxa3 30. Rd2 f5 31. Bb5 g6 32. Bd7 Kf7 33. Rb2 Rb3 34.
Rxb3 axb3 35. Rb8 Bc2 36. Rb6 Bc5 37. Rb7 Bf8 38. Bc8+ Be7 39. Ke2 h5 40. h4 g5
41. hxg5 Kg6 42. Bxe6 Ba3 43. Bxd5 b2 44. Ba2 Kxg5 45. Rg7+ Kh6 46. Ra7 Bb4 47.
e6 Bb3 48. Rb7 Bc4+ 49. Kf2 Bxa2 50. Rxb4 Bxe6 51. Kg2 Bd5+ 52. Kh3 Kg5 53.
Rxb2 Be6 54. Rb6 Bd5 55. Rd6 Bf3 56. Rd7 Bg4+ 57. Kg2 Kf6 58. Kf2 Ke5 59. Rd4
Bh3 60. Rd8 Bg4 61. Re8+ Kd5 62. Rg8 Ke5 63. Rd8 Ke6 64. Ke1 Bf3 65. Kd2 Ke7
66. Rh8 Kf6 67. Kc3 Kg5 68. Rg8+ Kf6 69. Kd4 Be4 70. Kc5 Bf3 71. Kd6 Be4 72.
Rh8 Kg5 73. Ke5 Kg4 74. Rh7 Kxg3 75. Rxh5 Kf3 76. Kd4 Kg4 77. Rh6 Kf3 78. Re6
Bb1 79. Ra6 Be4 1/2-1/2

[Event "0MCR_3DE_2L_3S"]
[Site "?"]
[Date "2003.??.??"]
[Round "?"]
[White "Zednik, Martin"]
[Black "Glaser, Karel"]
[Result "1/2-1/2"]
[WhiteElo "1800"]
[BlackElo "2080"]
[PlyCount "75"]
[EventDate "2003.??.??"]
[EventType "corr"]
[EventRounds "2"]
[SourceDate "2004.06.03"]

1. e4 e5 2. Nf3 Nc6 3. Bb5 a6 4. Ba4 Nf6 5. O-O Be7 6. Re1 b5 7. Bb3 O-O 8. c3
d6 9. h3 Bb7 10. d4 Re8 11. Ng5 Rf8 12. Nf3 Re8 13. Ng5 Rf8 14. Nf3 h6 15. Nbd2
Re8 16. d5 Nb8 17. Nf1 c6 18. dxc6 Nxc6 19. Ng3 Na5 20. Bc2 Nc4 21. a4 Qc7 22.
Nf5 Bf8 23. b3 Nb6 24. axb5 axb5 25. Bb2 Rxa1 26. Bxa1 Nbd7 27. Bb2 d5 28. exd5
Bxd5 29. Nh2 Qb7 30. Ne3 Bc6 31. Nhg4 Nxg4 32. Qxg4 Nf6 33. Qh4 Nd5 34. Ng4 Bd6
35. Bc1 Nf4 36. Bxf4 exf4 37. Rxe8+ Bxe8 38. Nf6+ 1/2-1/2

[Event "0MCR_3DE_2L_3S"]
[Site "?"]
[Date "2003.??.??"]
[Round "?"]
[White "Zednik, Martin"]
[Black "Hrubcik, Martin"]
[Result "1/2-1/2"]
[WhiteElo "1800"]
[BlackElo "2000"]
[PlyCount "44"]
[EventDate "2003.??.??"]
[EventType "corr"]
[EventRounds "2"]
[SourceDate "2004.06.03"]

1. e4 c6 2. d4 d5 3. Nc3 dxe4 4. Nxe4 Nd7 5. Bc4 Ngf6 6. Ng5 e6 7. Qe2 Nb6 8.
Bd3 h6 9. N5f3 c5 10. dxc5 Bxc5 11. Ne5 Nbd7 12. Ngf3 Nxe5 13. Nxe5 O-O 14. O-O
b6 15. Be3 Qd5 16. Bxc5 Qxc5 17. Rad1 Bb7 18. c4 Rfd8 19. Bc2 b5 20. cxb5 Rd5
21. Rxd5 Qxd5 22. Nc6 Bxc6 1/2-1/2